| 000 | 00000nas 2200000za 4500 |
| 001 | 9.820711 |
| 003 | CaOODSP |
| 005 | 20221107143302 |
| 007 | cr ||||||||||| |
| 008 | 160708d19461967onc x m oss f000#a0eng|d |
| 040 | |aCaOODSP|beng |
| 043 | |an-cn--- |
| 086 | 1 |aCS3-7E-PDF |
| 086 | 1 |aCS3-7-PDF |
| 130 | 0 |aReference paper (Canada. Dominion Bureau of Statistics) |
| 245 | 00|aReference paper |h[electronic resource] / |cDominion Bureau of Statistics. |
| 246 | 1 |iSome issues with parallel title : |aDocument de référence |
| 260 | |a[Ottawa] : |bDominion Bureau of Statistics, |c1946-1967? |
| 310 | |aIrregular |
| 500 | |aIssued also in French only under title: Document de référence. |
| 546 | |aSome issues in English only; some issues with text in English and French. |
| 692 | 07|2gccst|aStatistics |
| 710 | 1 |aCanada. |bDominion Bureau of Statistics. |
| 775 | 08|tDocument de référence |w(CaOODSP)9.820714 |
| 792 | |tReference paper |efre|w(CaOODSP)9.861429 |